000
00184nam a2200085 4500
001
1258551
005
20260312190507.0
245
_a
MUTLU PRENS
_c
OSCAR WİLDE
260
_b
PARILTI YAYINLARI
999
_c
1258551
_d
1258551